000 00197 a2200097 4500
001 1749
100 _aMoore, F.g.
245 _aManagement sourcebook
260 _a
_bHarper
_c
090 _c1285
_d1285
942 _aNUST-CAE
_cM
_c3169
999 _c236822
_d236822